000 00567nam a2200157 i 4500
001 104591
003 ES-MaACL
005 20230906183637.0
007 t|
008 051202s1977 sp ||||1| spa d
110 2 _aEspaña.
_bMinisterio de Agricultura.
_bSecretaría General Técnica.
_93842
245 1 0 _aMetodología para el cálculo de los índices de precios y salarios agrícolas /
_cMinisterio de Agricultura. Secretaría General Técnica.
260 _aMadrid :
_b[s.n.],
_c1977.
300 _aXVI, 397 p. ;
_c28 cm.
852 _aES-MaACL
_jA-7996
_bR.96551
999 _c104591
_d104591